书目信息 |
| 题名: |
高等数学学习指导
|
|
| 作者: | 高胜哲 , 张立石 主编 | |
| 分册: | ||
| 出版信息: | 北京 清华大学出版社 2020.09 |
|
| 页数: | 207页 | |
| 开本: | 26cm | |
| 丛书名: | ||
| 单 册: | ||
| 中图分类: | O13 | |
| 科图分类: | ||
| 主题词: | 高等数学--gao deng shu xue--高等学校--教学参考资料 | |
| 电子资源: | ||
| ISBN: | 978-7-302-56259-7 | |
| 000 | 00879nam0 2200241 450 | |
| 001 | 202021194077 | |
| 005 | 20211025120142.0 | |
| 010 | @a978-7-302-56259-7@dCNY39.80 | |
| 100 | @a20211002d2020 em y0chiy50 ea | |
| 101 | 0 | @achi |
| 102 | @aCN@b110000 | |
| 105 | @aa z 000yy | |
| 106 | @ar | |
| 200 | 1 | @a高等数学学习指导@Agao deng shu xue xue xi zhi dao@f主编高胜哲, 张立石 |
| 210 | @a北京@c清华大学出版社@d2020.09 | |
| 215 | @a207页@c图@d26cm | |
| 330 | @a本书是编者在十余年高等数学优秀生班教学和大学生数学竞赛辅导积累的教学经验基础上整理而成的。全书以章为单位进行撰写的。每章均由知识点、典型例题、同步训练、参考答案四个模块组成。 | |
| 606 | 0 | @a高等数学@Agao deng shu xue@x高等学校@j教学参考资料 |
| 690 | @aO13@v5 | |
| 701 | 0 | @a高胜哲@Agao sheng zhe@4主编 |
| 701 | 0 | @a张立石@Azhang li shi@4主编 |
| 801 | 0 | @aCN@c20210909 |
| 905 | @a河南城建学院图书馆@dO13@eG179 | |
| 高等数学学习指导/主编高胜哲, 张立石.-北京:清华大学出版社,2020.09 |
| 207页:图;26cm |
| ISBN 978-7-302-56259-7:CNY39.80 |
| 本书是编者在十余年高等数学优秀生班教学和大学生数学竞赛辅导积累的教学经验基础上整理而成的。全书以章为单位进行撰写的。每章均由知识点、典型例题、同步训练、参考答案四个模块组成。 |
| ● |
| 相关链接 |
|
|
|
正题名:高等数学学习指导
索取号:O13/G179
 
预约/预借
| 序号 | 登录号 | 条形码 | 馆藏地/架位号 | 状态 | 备注 |
| 1 | 1543344 | 215433449 | 自科库401/401自科库 106排3列3层/ [索取号:O13/G179] | 在馆 |